000 00598nam a2200193Ia 4500
003 GCL
008 140319s9999 xx 000 0 ara d
040 _aGCL /
_cGCL
082 0 4 _a962.32
_bهـ ت
100 1 _aهيئة الاثار المصرية
245 1 0 _aالقاهره الاسلامية: المشهد الحسينى /
_cهيئة الاثار المصرية
260 _a[S.N] :
_bهيئة الاثار المصرية
490 _a
650 0 4 _aتاريخ
650 0 4 _aالاثار الاسلامية
650 0 4 _aالمساجد
650 0 4 _aالقاهرة
942 _2ddc
_cBK
999 _c58442
_d58442